000 00488nab a2200145Ia 4500
003 ES-SlBCS
005 20210601141451.0
008 140529s2008 xxu||||| |||| 00| 0 spa d
041 _aspa
100 1 _aVendrell, Ingrid
_9256725
245 0 0 _aSimpatía, empatía y otros actos sociales: las raíces olvidadas de la sociología fenomenológica
_c Ingrid Vendrell
650 0 4 _aSimpatía
_9132810
773 0 _tEspacio Abierto
_gvol. 17, nº. 2, 2008, págs. 303-315
_wRev1182
942 _cAR
999 _c661234
_d661234